000 00467nam a22001457a 4500
999 _c1737
_d1737
008 160413b xxu||||| |||| 00| 0 eng d
020 _a9710868926
082 _22008
_aDFil 345.599
_bR32
245 _aThe Revised penal code of the Philippines with related laws/
250 _a2008 revised Edition
260 _aMandaluyong City:
_bNational Book Store,
_cc2008.
300 _axiii, 590 pages:
_c22 cm.
650 0 _95509
_aCriminal law
_zPhilippines
942 _2ddc
_cDFIL